Представление документа в формате RUSMARC

ПолеНазваниеЗначение
  Тип записи a
  Библиографический уровень m
001 Контрольный номер RU/CBS_UL/BASE/6c53c931316440e1a8c9e611ca26ce79
005 Дата корректировки 20251027154121.4
010 Индекс ISBN __
a ISBN
b Уточнения в пер.
d Цена 3 800 р. 00 к.
9 Тираж экз.
100 Данные общей обработки __
a Данные общей обработки 20160310d2016 ||| 0rusy0189 ca
101 Язык документа 0_
a Язык текста rus
102 Страна публикации __
a Страна публикации RU
105 Кодированные данные (монография) __
a Кодированные данные (монография) y###||||000|y
200 Заглавие и сведения об ответственности 1_
a Заглавие Господин Никто
a Заглавие Что может быть лучше плохой погоды
b Общее обозначение материала Текст
e Сведения, относящиеся к заглавию повести
f Первые сведения об ответственности Б. Райнов
210 Выходные данные 1_
a Место издания Москва
c Издательство Дрофа
d Дата издания 1994
215 Физическое описание __
a Объем 416 с.
d Формат см.
225 Серия 0_
a Серия Мастера современного детектива
300 Общие примечания __
a Общие примечания 16+
300 Общие примечания __
a Общие примечания Под инв. номером 46599: 1-1, 4-1
606 Тематические рубрики 0_
a Основная рубрика Болгарская литература, 20 в. - Детективы
610 Ключевые слова 0_
a Ключевые слова литература болгарская
a Ключевые слова детективы; преступления; расследования
a Ключевые слова приключения
686 Индексы других классификаций __
a Классификационный индекс 84(4Бол)
2 Код системы ББК
700 Автор _0
a Фамилия Райнов
b Имя (инициалы) Б.
g Полное личное имя Богомил
801 Источник записи _0
a Страна RU
b Организация МБУК ЦБС
c Дата составления 20160310
g Правила каталогизации RCR
801 Источник записи _1
a Страна RU
b Организация МБУК ЦБС г. Ульяновска
c Дата составления 20160310
g Правила каталогизации RCR
852 Данные о местонахождении __
i Авторский знак Р 18
j Шифр хранения И(Болг)
901 Тип документа __
t Тип документа m